000
00365nam a2200133Ia 4500
003
GCL
008
140319s9999 xx 000 0 ara d
040
_a
GCL /
_c
GCL
082
0
4
_a
780.91
_b
ح ن
100
1
_a
حبيب ظاهر العباس
245
1
0
_a
نظريات الموسيقى العربية /
_c
حبيب ظاهر العباس
300
_a
279 ص
490
_a
999
_c
37867
_d
37867